| 000 | 00943nam a22002057a 4500 | ||
|---|---|---|---|
| 999 |
_c60669 _d60669 |
||
| 005 | 20231005111335.0 | ||
| 008 | 231005s1999 enk||||| |||| 00| 0 eng d | ||
| 020 | _a9992800186 | ||
| 041 | _aeng | ||
| 080 | _a327.72+ 339.9(4:5) P-82 | ||
| 245 |
_aPontica-Mediterranea. [კრებული 1] / _cრედკოლ.: ბონდო კუპატაძე (მთ. რედ.) და სხვ.]; თსუ, გაეროს ასოციაცია, საქ. ქსელი, ახალგ. გაერო. |
||
| 264 |
_aთბილისი, _c1999. |
||
| 300 |
_a112 გვ. ; _b20 სმ. |
||
| 500 | _aთავფ. ინგლ. ენ. ; ტექსტი ქართ. და ინგლ. ენ. | ||
| 653 | _aგაერო | ||
| 653 | _aბისეკი | ||
| 653 | _aტრასეკა | ||
| 700 |
_aკუპატაძე, ბონდო _eრედაქტორი _920002 |
||
| 942 |
_2udc _cBK |
||